000 00667nam a2200241Ia 4500
003 OSt
005 20220924125524.0
006 a|||||r|||| 00| 0
007 ta
008 220923b |||||||| |||| 00| 0 san d
024 _a247705
037 _cTextual
040 _aARTS
_cARTS
_bsan
041 _2san
_asan
082 _aO15,1NBH,1, K0.1
100 _aBhadra Surivar
_9198429
245 0 _aShri Shanti Nath mahakavayam
260 _aSorashtra
_bShri Nemi Darshan Gyanshala India
_c1960
300 _a272p.
_ccm.
650 _aSANSKRIT LITERATURE
942 _hO15,1NBH,1, K0.1
_cTEXL
_2CC
999 _c422842
_d422842